| 000 | 00727cab a2200253 4500 | ||
|---|---|---|---|
| 001 | ABS58628 | ||
| 008 | 090401t1998 xxu||||| |||| 00| 0 eng d | ||
| 035 | _a(Sirsi) u85682 | ||
| 041 | _aeng | ||
| 100 | _aSpeechly, N. | ||
| 245 | _aRecruitment therapy | ||
| 260 | _c1998 | ||
| 350 | _a0 | ||
| 490 |
_aProperty Week _v62(14) 17 April 1998, 30-32(3) |
||
| 520 | _aLooks at the employment market for surveyors. Since the upswing in property market conditions surveyors are in demand. | ||
| 650 | _aEMPLOYMENT | ||
| 650 | _aGRADUATES | ||
| 650 | _aRECRUITMENT | ||
| 650 | _aSALARIES | ||
| 650 | _aSURVEYORS | ||
| 690 | _aMANAGEMENT-BUSINESS MANAGEMENT-PROFESSIONAL PRACTICE | ||
| 942 | _n0 | ||
| 948 | _c17/04/1998 | ||
| 999 |
_c53894 _d53894 |
||